000 00608nam a2200217Ii 4500
003 JO-AjNU
008 230606s9999||||xx |||||||||||||| ||und||
020 _a978-0-273-76455-1
040 _aJO-AjNU
_beng
_erda
_cJO-AjNU
041 _aeng
050 1 4 _aTA405.2013
100 3 _aDwling,Norman,
_eauthor
_94109
245 0 0 _aMechanical Behavior of Materials
250 _a1 ed
264 3 1 _aNew Jersy:pearson,2013
300 _a945p
336 _atext
_btxt
_2rdacontent
337 _aunmediated
_bn
_2rdamedia
338 _avolume
_bnc
_2rdacarrier
650 4 _aMechanical Behavior of Materials
_94110
999 _aE2138
_c2137
_d2137